| 000 | 00808nam a22002177a 4500 | ||
|---|---|---|---|
| 999 |
_c7617 _d7617 |
||
| 003 | AR-CdUCM | ||
| 008 | 190321b ||||| |||| 00| 0 spa d | ||
| 040 |
_aMUNICIPALIDAD PROVINCIAL DEL CUSCO _cBIBLIOTECA MUNICIPAL DEL CUSCO |
||
| 082 |
_a909 / _bP968 |
||
| 100 |
_aProudhon, P. J. _921502 |
||
| 245 | _aLa idea de la revolución en el siglo XIX / | ||
| 260 |
_aMexico : _bGrijalbo, _c1973. |
||
| 300 |
_a155 páginas ; _c18 cm. |
||
| 440 |
_aColección 70 _n130 _921503 |
||
| 505 | _aLas reacciones determinan las revoluciones -- Existen bastantes motivos para la revolución se haga en el siglo xix -- Del principio de asociación -- El principio de autenticidad... | ||
| 650 |
_aRevolución. _9844 |
||
| 650 |
_asiglo xix. _921504 |
||
| 650 |
_aAnarquia. _96714 |
||
| 942 |
_2ddc _cLIBROS |
||
| 945 | _awfj | ||